SPM Test - Statistiken

Allgemein
  • Dieses Quiz wurde 8 mal gespielt
  • Das Durchschnittsergebnis liegt bei 6 aus 20
Antwortstatistiken
Hint Antwort % Korrekt
A11 Karawanken Kn. Villach Karawankentunnel
100%
A1 Westaurobahn Wien Salzburg Walserberg
100%
A13 Brenner Innsbruck Brenner
50%
A3 Süd-Ostautobahn Kn. Guntramsdorf Kn. Eisenstadt
50%
A12 Intall Kufstein Landeck
50%
A7 Mühlkreis Linz Unterweitersdorf
50%
A10 Tauern Salzburg Villach
50%
A2 Südautobahn Wien Arnoldstein
50%
A4 Ostautobahn Wien Nickelsdorf
50%
A14 Reihntal Bludenz Hörbranz
0%
S35 Brucker Bruck/Mur Kn Deutschfeistritz
0%
A25 Welser Kn Haid Kn Wels
0%
A22 Donauufer Wien Stockerau
0%
S6 Semmering Kn Seebenstein Kn St. Michael/Stmk
0%
A21 Wiener Aussenring Kn Steinhäusl Kn Vösendorf
0%
S36 Murtaler Kn St. Michael/Stmk Judenburg
0%
S33 Kremser Krems St.Pölten
0%
S16 Arlberg Landeck Bludenz
0%
A9 Phyrn Voralpenkreuz Spielfeld
0%
A8 Innkreis Voralpenkreuz Suben
0%
Keine übereinstimmenden Quizze gefunden
Verteilung der Resultate
Anzahl Personen mit jedem Resultat
Perzentil nach korrekt beantworteten Fragen
Ihre Resultats-Entwicklung
Sie haben dieses Quiz noch nicht gespielt